000 00820cab a2200253 4500
001 WB3139-24
008 090401t1995 xxu||||| |||| 00| 0 eng d
035 _a(Sirsi) u2759
041 _aeng
245 _aGovernment to review funding system for SE
260 _c1995
350 _a0
490 _aDoE News Release
_v(503) 17 October 1995, (2)
520 _aGovernment is to review for local authorities the area cost adjustment which takes into account that higher salaries and rates have to be paid in London and the SE.
650 _aAREA COST ADJUSTMENT
650 _aGOVERNMENT FUNDING
650 _aGOVERNMENT SPENDING
650 _aLOCAL AUTHORITIES
650 _aLONDON
650 _aSOUTH-EAST ENGLAND
690 _aPROPERTY-PROPERTY FINANCE AND INVESTMENT
942 _n0
948 _c04/03/1997
999 _c1660
_d1660